[Event "46th World U20 ch"]
[Site "Yerevan ARM"]
[Date "2007.10.12"]
[Round "9.21"]
[White "Ibarra Chami, Luis Fernando"]
[Black "Kalashian, David"]
[Result "0-1"]
[WhiteElo "2416"]
[BlackElo "2361"]
[EventDate "2007.10.03"]
[PlyCount "104"]

1.e4 c5 2.Nc3 d6 3.Bb5+ Bd7 4.a4 Nc6 5.f4 g6 6.Nf3 Bg7 7.O-O Nh6 8.d3 O-O 
9.f5 Ng4 10.Bxc6 Bxc6 11.Qe1 e6 12.Qg3 exf5 13.exf5 Nf6 14.Qh4 d5 15.Bg5 
Qd6 16.Bf4 Qd7 17.Ne5 Qd8 18.Bg5 Qd6 19.Nxc6 bxc6 20.Rf3 Qe5 21.Raf1 Qd4+ 
22.Qxd4 cxd4 23.Ne2 Rfe8 24.fxg6 fxg6 25.Bxf6 Rxe2 26.R3f2 Rae8 27.Bg5 c5 
28.Rxe2 Rxe2 29.Rc1 c4 30.Kf1 Re5 31.h4 h6 32.Bd2 c3 33.Be1 Rf5+ 34.Kg1 
Be5 35.bxc3 dxc3 36.Bf2 Bh2+ 37.Kxh2 Rxf2 38.Kg3 Rd2 39.Kf4 Rxg2 40.Ke5 
Rg4 41.d4 Rxh4 42.Rb1 h5 43.Kxd5 Rh2 44.Kc6 Rxc2 45.Rg1 Kf7 46.d5 Rd2 47.
Rf1+ Ke7 48.Re1+ Kf6 49.d6 c2 50.Rc1 Ke5 51.Kc7 Rxd6 52.Rxc2 Ra6 0-1

[Event "46th World U20 ch"]
[Site "Yerevan ARM"]
[Date "2007.10.12"]
[Round "9.22"]
[White "Simonian, Hrair"]
[Black "Tamazian, Haik"]
[Result "1-0"]
[WhiteElo "2405"]
[BlackElo "2072"]
[EventDate "2007.10.03"]
[PlyCount "111"]

1.e4 e5 2.Nf3 Nc6 3.Bb5 a6 4.Bxc6 dxc6 5.Nc3 Bc5 6.d3 Qd6 7.Qe2 Ne7 8.Be3 
Be6 9.Ng5 Bd4 10.Bxd4 exd4 11.Nd1 Ng6 12.g3 O-O-O 13.f4 f5 14.Nxe6 Qxe6 
15.Nf2 Kb8 16.exf5 Qxf5 17.O-O-O Rhe8 18.Ne4 Ne7 19.Qf2 Qa5 20.Kb1 Nf5 21.
Qd2 Qb6 22.Rde1 Ne3 23.Nf2 a5 24.Nd1 Nd5 25.Rxe8 Rxe8 26.Re1 Rd8 27.Re5 a4
28.a3 c5 29.c4 Nf6 30.Nf2 Qc6 31.Ne4 Re8 32.Rxe8+ Nxe8 33.Qe2 Nf6 34.Nxf6 
gxf6 35.Kc2 Ka7 36.g4 Qd6 37.Qe4 c6 38.h4 h6 39.Kb1 b5 40.cxb5 cxb5 41.g5 
fxg5 42.hxg5 hxg5 43.fxg5 Qg3 44.g6 Qg1+ 45.Ka2 Qd1 46.Qd5 Qxd3 47.g7 c4 
48.Qxb5 Qg3 49.Qxa4+ Kb6 50.Qb4+ Ka7 51.Qc5+ Kb7 52.Qd5+ Ka7 53.Qxd4+ Kb7 
54.Qd5+ Kb6 55.g8=Q Qb3+ 56.Ka1 1-0

[Event "46th World U20 ch"]
[Site "Yerevan ARM"]
[Date "2007.10.12"]
[Round "9.24"]
[White "Priborsky, Jan"]
[Black "Benidze, Davit"]
[Result "1-0"]
[WhiteElo "2359"]
[BlackElo "2365"]
[EventDate "2007.10.03"]
[PlyCount "65"]

1.e4 c5 2.Nf3 d6 3.d4 cxd4 4.Nxd4 Nf6 5.Nc3 g6 6.Bc4 Bg7 7.O-O O-O 8.Re1 
Nc6 9.Bb3 a6 10.h3 Na5 11.Bg5 h6 12.Bh4 e5 13.Bxf6 Qxf6 14.Nde2 Nxb3 15.
axb3 Bd7 16.Nd5 Qd8 17.Qd2 Rc8 18.Rad1 Be6 19.c4 b5 20.Rc1 Qh4 21.g3 Qd8 
22.Kh2 Rb8 23.b4 bxc4 24.Rxc4 f5 25.Rc6 Kh8 26.Rxa6 f4 27.Nec3 Qg5 28.g4 
Qh4 29.Rxd6 Bxg4 30.Rh1 Bf3 31.Rg1 g5 32.Ne7 Bh5 33.Rg4 1-0

[Event "46th World U20 ch"]
[Site "Yerevan ARM"]
[Date "2007.10.12"]
[Round "9.25"]
[White "Arngrimsson, Dagur"]
[Black "Bregadze, Levan"]
[Result "0-1"]
[WhiteElo "2323"]
[BlackElo "2388"]
[EventDate "2007.10.03"]
[PlyCount "46"]

1.e4 c6 2.d4 d5 3.exd5 cxd5 4.c4 e6 5.Nc3 Nf6 6.c5 Nc6 7.Nf3 Ne4 8.Bd3 f5 
9.Bf4 Be7 10.Ne5 O-O 11.Nxc6 bxc6 12.f3 Bg5 13.Qc1 Bxf4 14.Qxf4 e5 15.dxe5
Nxc5 16.O-O-O Rb8 17.Be2 Qa5 18.Qd2 Be6 19.Qc2 Rb4 20.a3 Rb6 21.Na2 Rfb8 
22.Nb4 Rxb4 23.axb4 Rxb4 0-1

[Event "46th World U20 ch"]
[Site "Yerevan ARM"]
[Date "2007.10.12"]
[Round "9.26"]
[White "Hungaski, Robert"]
[Black "Gevorgian, David"]
[Result "1-0"]
[WhiteElo "2432"]
[BlackElo "2141"]
[EventDate "2007.10.03"]
[PlyCount "85"]

1.d4 f5 2.g3 Nf6 3.Bg2 e6 4.Nf3 d5 5.c4 c6 6.O-O Bd6 7.b3 Qe7 8.Bb2 b6 9.
Ne5 Bb7 10.Nd2 O-O 11.Rc1 a5 12.Ndf3 Na6 13.e3 Ne4 14.Qe2 Rac8 15.Rfd1 Nb4
16.a3 Na6 17.Ne1 Nb8 18.f3 Nf6 19.N1d3 Nbd7 20.a4 Bb8 21.Kh1 Rfd8 22.Nxd7 
Qxd7 23.Qe1 Ba6 24.Nf2 Re8 25.e4 e5 26.dxe5 Bxe5 27.Bxe5 Rxe5 28.f4 Re7 
29.e5 Qe8 30.Qg1 Ne4 31.Nxe4 fxe4 32.Qxb6 Bb7 33.cxd5 cxd5 34.Rxc8 Qxc8 
35.Bxe4 Rd7 36.Qe6+ Kh8 37.Qf5 dxe4 38.Qxd7 e3+ 39.Kg1 Qg8 40.Qd8 e2 41.
Qxg8+ Kxg8 42.Rd8+ Kf7 43.Kf2 1-0

[Event "46th World U20 ch"]
[Site "Yerevan ARM"]
[Date "2007.10.12"]
[Round "9.27"]
[White "Alaguzov, Maxat"]
[Black "Vandenbussche, Thibaut"]
[Result "1/2-1/2"]
[WhiteElo "2358"]
[BlackElo "2205"]
[EventDate "2007.10.03"]
[PlyCount "90"]

1.Nf3 g6 2.d4 Bg7 3.g3 d6 4.Bg2 Nf6 5.O-O O-O 6.c4 Nc6 7.Nc3 Bf5 8.d5 Na5 
9.Nd4 Bd7 10.Qd3 c5 11.Nc2 a6 12.Rb1 Qc7 13.b3 b5 14.Bd2 Rfb8 15.e4 Ng4 
16.f4 bxc4 17.bxc4 Bd4+ 18.Nxd4 cxd4 19.Qxd4 Qxc4 20.Qxc4 Nxc4 21.Rxb8+ 
Rxb8 22.Rb1 Rxb1+ 23.Nxb1 f5 24.Bf1 Nxd2 25.Nxd2 Bb5 26.Bh3 Ne3 27.exf5 
Bd7 28.Bf1 Bb5 29.fxg6 hxg6 30.Bg2 Nd1 31.Be4 Kg7 32.a3 Nc3 33.Kf2 Be8 34.
Ke3 Bf7 35.Nb1 Nxd5+ 36.Bxd5 Bxd5 37.Nc3 Bb7 38.Kd4 Kf6 39.Nd1 g5 40.Ne3 
gxf4 41.gxf4 Bc6 42.Kc3 a5 43.Kd4 Kg6 44.Kc3 Kf6 45.Kd4 Kg6 1/2-1/2

[Event "46th World U20 ch"]
[Site "Yerevan ARM"]
[Date "2007.10.12"]
[Round "9.30"]
[White "Mijovic, Stefan"]
[Black "Nigalidze, Gaioz"]
[Result "1/2-1/2"]
[WhiteElo "2228"]
[BlackElo "2440"]
[EventDate "2007.10.03"]
[PlyCount "102"]

1.e4 c5 2.Nf3 d6 3.d4 cxd4 4.Nxd4 Nf6 5.Nc3 a6 6.Be3 e5 7.Nf3 Be7 8.Bc4 
Be6 9.Bb3 Qc7 10.a4 Nc6 11.Bg5 Nb4 12.O-O O-O 13.Bxf6 Bxf6 14.Qd2 Rfd8 15.
Rfd1 Qc5 16.a5 Rac8 17.h3 Rd7 18.Ne1 h6 19.Na4 Qb5 20.Nc3 Bg5 21.Nxb5 Bxd2
22.Na7 Ra8 23.Bxe6 fxe6 24.Rxd2 Rxa7 25.Rad1 Nc6 26.Rxd6 Rxd6 27.Rxd6 Nxa5
28.Rxe6 Nc4 29.Re7 Kf8 30.Rc7 Nxb2 31.c4 Ke8 32.c5 g5 33.c6 Kd8 34.Rh7 Kc8
35.cxb7+ Rxb7 36.Rxh6 Rc7 37.Rb6 Rc1 38.Rxb2 Rxe1+ 39.Kh2 Rxe4 40.Rb6 a5 
41.Rb5 a4 42.f3 Re3 43.Ra5 a3 44.Kg3 Kc7 45.Kg4 Kb6 46.Ra8 Kb5 47.Kxg5 Kb4
48.h4 e4 49.fxe4 Rg3+ 50.Kf5 Rxg2 51.h5 Rh2 1/2-1/2

[Event "46th World U20 ch"]
[Site "Yerevan ARM"]
[Date "2007.10.13"]
[Round "10.3"]
[White "Grigorian, Avetik"]
[Black "Pashikian, Arman"]
[Result "1-0"]
[WhiteElo "2489"]
[BlackElo "2534"]
[EventDate "2007.10.03"]
[PlyCount "71"]

1.d4 d5 2.Nf3 c6 3.c4 Nf6 4.e3 a6 5.Nc3 b5 6.c5 Nbd7 7.b4 a5 8.bxa5 Qxa5 
9.Bd2 b4 10.Ne2 Ne4 11.Nc1 g6 12.Rb1 Nxd2 13.Qxd2 Bg7 14.Rxb4 e5 15.a4 O-O
16.Nb3 Qc7 17.dxe5 Nxe5 18.Nxe5 Qxe5 19.Bd3 Qc3 20.a5 f5 21.g3 Re8 22.Rb6 
Bd7 23.a6 f4 24.gxf4 Qf6 25.O-O g5 26.fxg5 Qxg5+ 27.Kh1 Qh5 28.Qe2 Bg4 29.
f3 Bh3 30.Rg1 Kh8 31.Rb7 Rg8 32.f4 Qh6 33.Rg5 Qe6 34.Qh5 h6 35.Rg6 Rxa6 
36.Rxh6+ 1-0

[Event "46th World U20 ch"]
[Site "Yerevan ARM"]
[Date "2007.10.13"]
[Round "10.5"]
[White "Andreikin, Dmitry"]
[Black "Gopal, Geetha Narayanan"]
[Result "1-0"]
[WhiteElo "2555"]
[BlackElo "2520"]
[EventDate "2007.10.03"]
[PlyCount "123"]

1.d4 Nf6 2.c4 g6 3.Nc3 d5 4.e3 Bg7 5.Qb3 e6 6.Qa3 b6 7.Nf3 Bb7 8.cxd5 Nxd5
9.Bd2 Nd7 10.Rc1 a6 11.Be2 c5 12.Ne4 Bf8 13.Qb3 Nf4 14.exf4 Bxe4 15.dxc5 
Bxc5 16.O-O Bb7 17.Rfd1 Qe7 18.Ng5 h6 19.Bf3 Bxf3 20.Qxf3 O-O 21.Ne4 Nf6 
22.Nxf6+ Qxf6 23.Bc3 Qe7 24.Qh3 h5 25.g4 Bb4 26.Be5 f6 27.Rc7 Rad8 28.Rxe7
Rxd1+ 29.Kg2 Bxe7 30.gxh5 gxh5 31.Qxe6+ Rf7 32.Bc3 Rd6 33.Qc8+ Bf8 34.Qxa6
Kg7 35.Qb5 Rfd7 36.Qxh5 Kg8 37.Kf3 Bg7 38.Qf5 Kf7 39.Qb5 Bh6 40.Qh5+ Kg7 
41.f5 Bd2 42.Qg6+ Kf8 43.Bxd2 Rxd2 44.Qxf6+ Kg8 45.Qg6+ Kf8 46.Qxb6 R7d6 
47.Qb8+ Rd8 48.Qe5 R8d6 49.Kg4 Kf7 50.h4 R2d4+ 51.Kg5 R4d5 52.Qh8 Rg6+ 53.
Kf4 Rgd6 54.h5 Rd4+ 55.Kg5 Rd1 56.Qh7+ Kf8 57.f6 R6d5+ 58.Kh6 Rd7 59.Qh8+ 
Kf7 60.Qg7+ Ke6 61.f7 R1d6 62.f8=Q 1-0

[Event "46th World U20 ch"]
[Site "Yerevan ARM"]
[Date "2007.10.13"]
[Round "10.8"]
[White "Rodshtein, Maxim"]
[Black "Rohit, Gogineni"]
[Result "1/2-1/2"]
[WhiteElo "2615"]
[BlackElo "2491"]
[EventDate "2007.10.03"]
[PlyCount "63"]

1.d4 Nf6 2.c4 e6 3.Nf3 b6 4.g3 Ba6 5.b3 Bb4+ 6.Bd2 Be7 7.Bg2 c6 8.Bc3 d5 
9.Ne5 Nfd7 10.Nxd7 Nxd7 11.Nd2 O-O 12.O-O Rc8 13.e4 c5 14.exd5 exd5 15.
dxc5 dxc4 16.c6 cxb3 17.Re1 b2 18.Bxb2 Nc5 19.Nc4 Bxc4 20.Qg4 Bg5 21.Qxc4 
Nd3 22.Be5 Nxe1 23.Rxe1 Bf6 24.Bxf6 Qxf6 25.c7 Qd6 26.Rc1 b5 27.Qc2 g6 28.
Bb7 Rfe8 29.Kf1 h5 30.h4 b4 31.Qc4 Kg7 32.Qc6 1/2-1/2

[Event "46th World U20 ch"]
[Site "Yerevan ARM"]
[Date "2007.10.13"]
[Round "10.9"]
[White "Kulakov, Viacheslav"]
[Black "Amin, Bassem"]
[Result "1-0"]
[WhiteElo "2261"]
[BlackElo "2561"]
[EventDate "2007.10.03"]
[PlyCount "105"]

1.e4 e5 2.Nf3 Nc6 3.d4 exd4 4.Nxd4 Nf6 5.Nc3 Bb4 6.Nxc6 bxc6 7.Bd3 d5 8.
exd5 Qe7+ 9.Qe2 Qxe2+ 10.Kxe2 cxd5 11.Bf4 c6 12.a3 Be7 13.Rhe1 Be6 14.Na4 
O-O 15.b4 Nd7 16.Be3 Bf6 17.c3 a5 18.Kd2 Rfb8 19.Nc5 g6 20.Nxd7 Bxd7 21.
Bc5 Kg7 22.Reb1 axb4 23.axb4 h5 24.Bd6 Re8 25.Ra5 Rad8 26.Bc7 Rc8 27.Bf4 
Bf5 28.Be3 Be4 29.Bxe4 Rxe4 30.Kd3 Rh4 31.h3 Rd8 32.Bd2 Re4 33.Re1 Rc4 34.
Ra6 Rb8 35.Ra5 Bd8 36.Ra7 Bf6 37.Ra5 Bd8 38.Ra7 c5 39.Rd7 cxb4 40.Rxd5 
Rbc8 41.cxb4 Bh4 42.g3 Bf6 43.Rb1 h4 44.b5 hxg3 45.fxg3 Ra4 46.b6 Ra3+ 47.
Ke2 Rxg3 48.b7 Re8+ 49.Kf1 Rb8 50.Ba5 Rxh3 51.Kg2 Ra3 52.Bc7 Ra2+ 53.Kg1 
1-0

[Event "46th World U20 ch"]
[Site "Yerevan ARM"]
[Date "2007.10.13"]
[Round "10.10"]
[White "Brandenburg, Daan"]
[Black "Howell, David"]
[Result "1/2-1/2"]
[WhiteElo "2483"]
[BlackElo "2527"]
[EventDate "2007.10.03"]
[PlyCount "92"]

1.e4 e5 2.Nf3 Nc6 3.d4 exd4 4.Nxd4 Bc5 5.Nxc6 Qf6 6.Qf3 bxc6 7.Nd2 Qxf3 8.
gxf3 a5 9.a4 d6 10.Nb3 Bb6 11.Rg1 g6 12.Bc4 Nf6 13.Be3 Be6 14.Nd2 Nd7 15.
h4 Ne5 16.Be2 f5 17.h5 gxh5 18.Rg5 Rf8 19.Rxh5 Rf7 20.f4 Ng6 21.Bd3 Ne7 
22.Rh6 Kd7 23.O-O-O fxe4 24.Bxe4 Bf5 25.Bf3 Nd5 26.Nc4 Bxe3+ 27.fxe3 Re7 
28.Bxd5 cxd5 29.Rxd5 Be6 30.Rd4 Bxc4 31.Rxc4 Rae8 32.Kd2 Rxe3 33.Rxh7+ 
R8e7 34.Rxe7+ Rxe7 35.b4 axb4 36.Rxb4 Re8 37.a5 c5 38.Ra4 Kc7 39.a6 Kb8 
40.a7+ Ka8 41.Kd3 d5 42.Ra6 Re4 43.f5 Rf4 44.f6 Rf3+ 45.Ke2 Rf5 46.Ke3 Rf1
1/2-1/2

[Event "46th World U20 ch"]
[Site "Yerevan ARM"]
[Date "2007.10.13"]
[Round "10.11"]
[White "Jojua, Davit"]
[Black "Deepan Chakravarthy, Jeyakumar"]
[Result "1-0"]
[WhiteElo "2434"]
[BlackElo "2492"]
[EventDate "2007.10.03"]
[PlyCount "69"]

1.d4 Nf6 2.c4 e6 3.Nf3 c5 4.d5 exd5 5.cxd5 Bd6 6.Nc3 Bc7 7.Bg5 h6 8.Bh4 d6
9.e3 O-O 10.Be2 a6 11.a4 Re8 12.O-O Nbd7 13.Nd2 Rb8 14.Qc2 Ne5 15.Nce4 g5 
16.Nxf6+ Qxf6 17.Bg3 b5 18.axb5 axb5 19.f4 Qg6 20.e4 gxf4 21.Bxf4 c4 22.
Ra3 Bb6+ 23.Kh1 Bg4 24.Bxg4 Nxg4 25.Rg3 h5 26.h3 Kf8 27.Qc3 Ke7 28.b3 Bc5 
29.bxc4 b4 30.Qc1 Rh8 31.Nb3 Bf2 32.Rf3 Rbg8 33.R3xf2 Nxf2+ 34.Rxf2 Qxe4 
35.c5 1-0

[Event "46th World U20 ch"]
[Site "Yerevan ARM"]
[Date "2007.10.13"]
[Round "10.12"]
[White "Corrales Jimenez, Fidel"]
[Black "Khamrakulov, Dzhurabek"]
[Result "1-0"]
[WhiteElo "2513"]
[BlackElo "2359"]
[EventDate "2007.10.03"]
[PlyCount "101"]

1.e4 c6 2.d4 d5 3.Nc3 dxe4 4.Nxe4 Nf6 5.Nxf6+ exf6 6.c3 Bd6 7.Bd3 O-O 8.
Ne2 Qc7 9.Qc2 h6 10.h3 Re8 11.O-O Nd7 12.Bd2 b6 13.Ng3 Bb7 14.Be4 c5 15.
Bxb7 Qxb7 16.Nf5 Bf8 17.Rfe1 cxd4 18.cxd4 Qd5 19.Bc3 b5 20.Rxe8 Rxe8 21.
Ne3 Qd6 22.a3 Nb6 23.Qf5 a6 24.d5 Qd7 25.Qf3 Nc4 26.Nxc4 bxc4 27.Rd1 Bc5 
28.Qf4 Qa4 29.Rd2 Qb5 30.g3 Rd8 31.Kg2 Bd6 32.Qf5 Re8 33.h4 Be5 34.d6 Rd8 
35.Bxe5 fxe5 36.Qe4 f6 37.Kg1 Rd7 38.h5 Kf7 39.Qa8 Qc5 40.Qxa6 e4 41.Qa4 
Rd8 42.Kf1 Qxh5 43.Qxc4+ Kf8 44.Qxe4 Re8 45.Qh4 Qb5+ 46.Kg2 Qc6+ 47.f3 Qb5
48.a4 Qa6 49.Qb4 Re2+ 50.Kh3 Rxd2 51.d7+ 1-0

[Event "46th World U20 ch"]
[Site "Yerevan ARM"]
[Date "2007.10.13"]
[Round "10.14"]
[White "Khairullin, Ildar"]
[Black "Margvelashvili, Giorgi"]
[Result "1/2-1/2"]
[WhiteElo "2567"]
[BlackElo "2451"]
[EventDate "2007.10.03"]
[PlyCount "27"]

1.e4 c6 2.d4 d5 3.e5 Bf5 4.Nf3 e6 5.Be2 Nd7 6.O-O Ne7 7.Nbd2 c5 8.c4 a6 9.
dxc5 Nxc5 10.Nb3 Nd7 11.Nbd4 Be4 12.Bf4 Ng6 13.Bg3 Be7 14.Qb3 1/2-1/2

[Event "46th World U20 ch"]
[Site "Yerevan ARM"]
[Date "2007.10.13"]
[Round "10.15"]
[White "Kalashian, David"]
[Black "Romanov, Evgeny"]
[Result "0-1"]
[WhiteElo "2361"]
[BlackElo "2515"]
[EventDate "2007.10.03"]
[PlyCount "86"]

1.d4 Nf6 2.c4 c5 3.e3 g6 4.Nc3 Bg7 5.Nf3 O-O 6.Be2 d5 7.O-O Nc6 8.dxc5 
dxc4 9.Qxd8 Rxd8 10.Bxc4 Nd7 11.Ne4 Nde5 12.Nxe5 Nxe5 13.Bb3 Bd7 14.Nc3 
Nd3 15.Rd1 Nxc5 16.Bc2 Bf5 17.Bxf5 gxf5 18.Rd2 b5 19.f3 b4 20.Nd5 b3 21.
Nxe7+ Kf8 22.Nxf5 Rxd2 23.Bxd2 Bxb2 24.Bb4 Bxa1 25.Bxc5+ Ke8 26.axb3 Be5 
27.f4 Bc7 28.Nd4 a6 29.Kf2 Kd7 30.Kf3 Rc8 31.Ba7 Bd6 32.Ke4 Bb4 33.Kd5 Rc3
34.e4 Kc7 35.Nf3 Rxb3 36.Kc4 Rb1 37.Ng5 a5 38.Nxf7 a4 39.Bd4 a3 40.e5 Be7 
41.Bc3 a2 42.Kd5 Bb4 43.Bd4 Rd1 0-1

[Event "46th World U20 ch"]
[Site "Yerevan ARM"]
[Date "2007.10.13"]
[Round "10.17"]
[White "Priborsky, Jan"]
[Black "Ashwin, Jayaram"]
[Result "1/2-1/2"]
[WhiteElo "2359"]
[BlackElo "2478"]
[EventDate "2007.10.03"]
[PlyCount "49"]

1.d4 Nf6 2.c4 g6 3.Nc3 d5 4.Nf3 Bg7 5.Bg5 Ne4 6.cxd5 Nxg5 7.Nxg5 e6 8.Qa4+
c6 9.dxc6 Nxc6 10.Nf3 Bd7 11.Qd1 Qb6 12.Qd2 Nxd4 13.O-O-O Bc6 14.Nxd4 Rd8 
15.e3 e5 16.Qe1 exd4 17.exd4+ Kf8 18.d5 Rxd5 19.Rxd5 Bxd5 20.Qe7+ Kxe7 21.
Nxd5+ Kd6 22.Nxb6 axb6 23.Be2 Re8 24.Bf3 Kc7 25.Rd1 1/2-1/2

[Event "46th World U20 ch"]
[Site "Yerevan ARM"]
[Date "2007.10.13"]
[Round "10.18"]
[White "Kaplan, Sasha"]
[Black "Melkumian, Hrant"]
[Result "0-1"]
[WhiteElo "2466"]
[BlackElo "2469"]
[EventDate "2007.10.03"]
[PlyCount "132"]

1.e4 e5 2.Nf3 Nc6 3.Bb5 a6 4.Ba4 Nf6 5.O-O Nxe4 6.d4 b5 7.Bb3 d5 8.dxe5 
Be6 9.Be3 Be7 10.c3 Nc5 11.Bc2 Bg4 12.Re1 Ne6 13.Bb3 Nxe5 14.Bxd5 c6 15.
Be4 Bxf3 16.Bxf3 Qxd1 17.Bxd1 Nd3 18.Re2 O-O-O 19.Bb3 Bf6 20.Bxe6+ fxe6 
21.g3 Kb7 22.Kg2 h5 23.h4 Rd5 24.a4 Rhd8 25.axb5 cxb5 26.Ra2 g5 27.hxg5 
Bxg5 28.b3 h4 29.c4 bxc4 30.bxc4 Rf5 31.Nc3 hxg3 32.fxg3 Be7 33.Ra1 Bb4 
34.Rb1 Kc6 35.Ne4 a5 36.Nf2 Rd7 37.Nxd3 Rxd3 38.Bf4 Rf6 39.Be3 Rg6 40.Bf2 
Rc3 41.Rbe1 Kd7 42.Re4 Rc2 43.R1e2 Rxe2 44.Rxe2 Rg4 45.Rc2 Rg8 46.Kf3 Kd6 
47.g4 a4 48.Ra2 a3 49.Be3 Rc8 50.Rc2 Ra8 51.Ra2 Ke5 52.Re2 Kd6 53.Bf4+ Kc5
54.Rxe6 a2 55.Be5 Kxc4 56.Ba1 Ra3+ 57.Kf4 Bc3 58.Re4+ Kd3 59.Bxc3 Kxc3 60.
Re3+ Kb4 61.Re1 a1=Q 62.Rxa1 Rxa1 63.g5 Kc5 64.Ke5 Rg1 65.Kf6 Kd6 66.g6 
Rf1+ 0-1

[Event "46th World U20 ch"]
[Site "Yerevan ARM"]
[Date "2007.10.13"]
[Round "10.20"]
[White "Vovk, Yuriy"]
[Black "Hambardzumian, Yuri"]
[Result "0-1"]
[WhiteElo "2561"]
[BlackElo "2387"]
[EventDate "2007.10.03"]
[PlyCount "124"]

1.e4 c5 2.Nf3 d6 3.d4 cxd4 4.Nxd4 Nf6 5.Nc3 a6 6.Bc4 e6 7.a4 Be7 8.O-O O-O
9.Be3 Qc7 10.Ba2 Nc6 11.Kh1 e5 12.Nde2 Be6 13.Nd5 Bxd5 14.exd5 Nb8 15.Ng3 
g6 16.f4 Nbd7 17.f5 h5 18.Bh6 Rfe8 19.fxg6 fxg6 20.Qd3 Kh7 21.Bg5 Nc5 22.
Qe2 Rf8 23.c4 Nxd5 24.Bb1 Rxf1+ 25.Nxf1 e4 26.Bxe7 Nf4 27.Qe3 Qxe7 28.b4 
Qf6 29.bxc5 Qxa1 30.Qxe4 Qb2 31.cxd6 Qf2 32.Qxb7+ Kh6 33.Qf3 Qxf3 34.gxf3 
Rd8 35.Kg1 Rxd6 36.Kf2 Rd4 37.Ba2 Rd3 38.Bb1 Rd4 39.Ba2 Rd3 40.Bb1 Ra3 41.
Bc2 Ra2 42.Ne3 h4 43.Kf1 Kg7 44.c5 Kf6 45.Be4 Ke7 46.c6 Rxa4 47.c7 Ra1+ 
48.Kf2 Kd7 49.Nc2 Ra2 50.Ke3 g5 51.Kd4 Kxc7 52.Ke5 Rb2 53.Kf6 Nh3 54.Kg6 
a5 55.Kf6 a4 56.Kg6 Kb6 57.Bf5 Kc5 58.Kh5 Ng1 59.Kg4 Kc4 60.Ne3+ Kd4 61.
Nc2+ Kc3 62.Ne3 Rxh2 0-1

[Event "46th World U20 ch"]
[Site "Yerevan ARM"]
[Date "2007.10.13"]
[Round "10.21"]
[White "Pancevski, Filip"]
[Black "Hungaski, Robert"]
[Result "1/2-1/2"]
[WhiteElo "2340"]
[BlackElo "2432"]
[EventDate "2007.10.03"]
[PlyCount "151"]

1.e4 e5 2.Nf3 Nc6 3.Bc4 Nf6 4.d3 Be7 5.O-O O-O 6.a4 d6 7.c3 Kh8 8.a5 a6 9.
Re1 Ng8 10.Qb3 f5 11.exf5 Rxf5 12.Nbd2 Nf6 13.Be6 Bxe6 14.Qxe6 Qc8 15.Qb3 
d5 16.Nf1 e4 17.dxe4 dxe4 18.Ng5 h6 19.Nxe4 Nxa5 20.Qf7 Ng8 21.Qg6 Nb3 22.
Rb1 Nxc1 23.Rbxc1 Rb5 24.Re2 Qe8 25.Qg3 Qc6 26.Qh3 Rxb2 27.Rxb2 Ba3 28.Ng5
Qg6 29.Rxb7 Bxc1 30.Nf3 Bf4 31.Nh4 Qf6 32.Rb4 Bd6 33.Re4 Rf8 34.Qe3 Ne7 
35.Nf3 Nd5 36.Qd3 Nf4 37.Qe3 Nd5 38.Qd3 Nxc3 39.Rc4 Nb5 40.Ra4 c5 41.N1d2 
Be5 42.h4 Bd4 43.g3 g5 44.hxg5 hxg5 45.g4 Qf4 46.Rxa6 Qxg4+ 47.Kf1 Qh3+ 
48.Ke1 Nc3 49.Qg6 Qh1+ 50.Nf1 Rg8 51.Qe6 Qh5 52.Kd2 Re8 53.Qf5 Ne4+ 54.Kc2
Qh7 55.Qxh7+ Kxh7 56.Nxd4 cxd4 57.Ra7+ Kg6 58.Kd3 Nxf2+ 59.Kxd4 Re4+ 60.
Kd5 Re1 61.Ng3 g4 62.Ra2 Nh3 63.Kd4 Ng1 64.Ra5 Nf3+ 65.Kd3 Ne5+ 66.Kd2 
Nf3+ 67.Kd3 Re8 68.Rb5 Ne1+ 69.Kd2 Ng2 70.Ra5 Re3 71.Nf1 Rf3 72.Ke2 Nf4+ 
73.Ke1 Ng2+ 74.Ke2 Nh4 75.Ra4 Kg5 76.Rxg4+ 1/2-1/2

[Event "46th World U20 ch"]
[Site "Yerevan ARM"]
[Date "2007.10.13"]
[Round "10.22"]
[White "Mamikonian, Tigran"]
[Black "Bregadze, Levan"]
[Result "1/2-1/2"]
[WhiteElo "2257"]
[BlackElo "2388"]
[EventDate "2007.10.03"]
[PlyCount "108"]

1.e4 c6 2.d4 d5 3.Nc3 dxe4 4.Nxe4 Bf5 5.Ng3 Bg6 6.h4 h6 7.Bc4 e6 8.N1e2 
Bb4+ 9.c3 Bd6 10.Nf4 Bxf4 11.Bxf4 Nf6 12.Qb3 b5 13.Be2 Nd5 14.Bd2 Nd7 15.
a4 a6 16.Qa3 N7b6 17.Qc5 Rc8 18.b3 Ne7 19.axb5 cxb5 20.Qa3 O-O 21.h5 Bh7 
22.O-O Rc6 23.Rfc1 Qc7 24.c4 bxc4 25.bxc4 Rc8 26.c5 Nbd5 27.Qf3 Ra8 28.Bb5
a5 29.Ne4 Nf5 30.Bxc6 Qxc6 31.Nd6 a4 32.Nxf5 Bxf5 33.Qg3 Nf6 34.f3 Bd3 35.
Qe5 Nd5 36.Ra3 Bb5 37.g4 Rd8 38.Kf2 f6 39.Qe4 Re8 40.Rb1 f5 41.Qe5 fxg4 
42.Rg1 Nf6 43.Bxh6 Rf8 44.Bf4 Bc4 45.Re3 Bd5 46.h6 Bxf3 47.Qxe6+ Qxe6 48.
Rxe6 Ne4+ 49.Ke3 Nc3 50.Be5 Bd5 51.Rg6 Rf3+ 52.Kd2 Ne4+ 53.Kc1 Rc3+ 54.Kb2
Rb3+ 1/2-1/2

[Event "46th World U20 ch"]
[Site "Yerevan ARM"]
[Date "2007.10.13"]
[Round "10.24"]
[White "Feller, Sebastien"]
[Black "Arngrimsson, Dagur"]
[Result "1/2-1/2"]
[WhiteElo "2513"]
[BlackElo "2323"]
[EventDate "2007.10.03"]
[PlyCount "42"]

1.d4 d5 2.Nf3 Nf6 3.c4 c6 4.Nc3 dxc4 5.a4 Bf5 6.Ne5 Nbd7 7.Nxc4 Nb6 8.Ne5 
a5 9.Bg5 Nfd5 10.e4 Nxc3 11.bxc3 Bxe4 12.Qb3 Bd5 13.c4 f6 14.cxd5 fxe5 15.
d6 exd4 16.Rb1 Qxd6 17.Qxb6 Qe5+ 18.Be2 d3 19.Be3 Qc3+ 20.Bd2 Qe5 21.Be3 
Qc3+ 1/2-1/2

[Event "46th World U20 ch"]
[Site "Yerevan ARM"]
[Date "2007.10.13"]
[Round "10.25"]
[White "Ter-Sahakyan, Samvel"]
[Black "Tamazian, Haik"]
[Result "1-0"]
[WhiteElo "2389"]
[BlackElo "2072"]
[EventDate "2007.10.03"]
[PlyCount "65"]

1.e4 e5 2.Nf3 Nc6 3.Nc3 Nf6 4.d4 exd4 5.Nxd4 Bc5 6.Nxc6 bxc6 7.Bd3 O-O 8.
O-O d6 9.Bg5 h6 10.Bh4 g5 11.Bg3 Bg4 12.Qd2 Nh5 13.Na4 Bd4 14.Be2 Bxe2 15.
Qxe2 Nxg3 16.hxg3 Qe7 17.Rad1 Bg7 18.Rfe1 a5 19.b3 Qe6 20.Qf3 f5 21.e5 
Bxe5 22.Qxc6 f4 23.gxf4 Qf6 24.Qf3 Bxf4 25.Nc3 Rae8 26.Rxe8 Rxe8 27.Nd5 
Qf7 28.a4 Re5 29.g3 Bc1 30.Nf6+ Kg7 31.Nh5+ Kg6 32.Qxf7+ Kxf7 33.Rxc1 1-0

[Event "46th World U20 ch"]
[Site "Yerevan ARM"]
[Date "2007.10.13"]
[Round "10.26"]
[White "Benidze, Davit"]
[Black "Alvarez Ramirez, Miguel Angel"]
[Result "1-0"]
[WhiteElo "2365"]
[BlackElo "2204"]
[EventDate "2007.10.03"]
[PlyCount "69"]

1.d4 d5 2.c4 e6 3.cxd5 exd5 4.Nf3 c5 5.Nc3 Nc6 6.g3 Nf6 7.Bg2 Be7 8.O-O 
O-O 9.Bg5 cxd4 10.Nxd4 h6 11.Bf4 Qb6 12.Be3 Qxb2 13.Nxd5 Nxd5 14.Bxd5 Bh3 
15.Rb1 Qa3 16.Rxb7 Nxd4 17.Qxd4 Bxf1 18.Kxf1 Rad8 19.Rxa7 Qd6 20.Ra5 Bg5 
21.Kg2 Bxe3 22.fxe3 Qg6 23.Qd3 Qf6 24.e4 Kh8 25.Rc5 Qe7 26.Qc3 f5 27.Rc7 
Qg5 28.h4 Qg4 29.Qf3 Qg6 30.Rc6 Qe8 31.exf5 Qe5 32.e4 Qb2+ 33.Kh3 Rd7 34.
Qc3 Qb1 35.Rxh6# 1-0

[Event "46th World U20 ch"]
[Site "Yerevan ARM"]
[Date "2007.10.13"]
[Round "10.27"]
[White "Vandenbussche, Thibaut"]
[Black "Nasri, Amin"]
[Result "0-1"]
[WhiteElo "2205"]
[BlackElo "2364"]
[EventDate "2007.10.03"]
[PlyCount "50"]

1.e4 e5 2.Nc3 Nf6 3.f4 d5 4.fxe5 Nxe4 5.Nf3 Be7 6.Qe2 Nxc3 7.dxc3 c5 8.Bf4
Nc6 9.O-O-O Be6 10.h4 h6 11.g3 Qa5 12.Kb1 O-O-O 13.Bh3 Kb8 14.Bxe6 fxe6 
15.h5 b5 16.Nh4 Rhe8 17.Ng6 c4 18.Nxe7 Rxe7 19.a3 d4 20.cxd4 c3 21.b3 Qxa3
22.Bc1 Qa5 23.d5 Nb4 24.Ba3 Qxa3 25.Qxb5+ Rb7 0-1

[Event "46th World U20 ch"]
[Site "Yerevan ARM"]
[Date "2007.10.13"]
[Round "10.28"]
[White "Galic, Ivan"]
[Black "Alaguzov, Maxat"]
[Result "1-0"]
[WhiteElo "2255"]
[BlackElo "2358"]
[EventDate "2007.10.03"]
[PlyCount "67"]

1.c4 e6 2.Nc3 d5 3.d4 c6 4.cxd5 exd5 5.Nf3 Nf6 6.Bg5 Nbd7 7.e3 Be7 8.Bd3 
O-O 9.Qc2 Re8 10.O-O Ne4 11.Bxe4 Bxg5 12.Bxh7+ Kh8 13.Bf5 Bf6 14.b4 g6 15.
Bh3 Nb6 16.Bxc8 Rxc8 17.Na4 Nc4 18.Nd2 Nd6 19.Rab1 Kg7 20.Nc5 b6 21.Nd3 
Qd7 22.Rfc1 Qf5 23.Ne1 Qh5 24.Qd1 Qh6 25.a4 Nf5 26.Nf1 Re4 27.Rb3 Be7 28.
b5 c5 29.dxc5 Bxc5 30.Qxd5 Rxa4 31.Nd3 Nxe3 32.Nxe3 Bxe3 33.Qe5+ Kh7 34.
Rxc8 1-0

[Event "46th World U20 ch"]
[Site "Yerevan ARM"]
[Date "2007.10.13"]
[Round "10.29"]
[White "Nigalidze, Gaioz"]
[Black "Fusco, Leonardo"]
[Result "1-0"]
[WhiteElo "2440"]
[BlackElo "2341"]
[EventDate "2007.10.03"]
[PlyCount "77"]

1.d4 Nf6 2.c4 g6 3.Nc3 Bg7 4.e4 d6 5.f3 O-O 6.Be3 e5 7.d5 c6 8.Bd3 Nh5 9.
Nge2 f5 10.Qd2 cxd5 11.Nxd5 f4 12.Bf2 Na6 13.b4 Nf6 14.a3 Nxd5 15.cxd5 g5 
16.Nc3 Nc7 17.h3 Bd7 18.a4 h5 19.Ke2 g4 20.hxg4 hxg4 21.b5 g3 22.Bg1 Kf7 
23.b6 axb6 24.Bxb6 Rh8 25.Rxh8 Qxh8 26.Bg1 Na6 27.Nb5 Bxb5 28.Bxb5 Rc8 29.
Bd7 Rc4 30.Rc1 Rxc1 31.Qxc1 Nc5 32.Bxc5 dxc5 33.d6 Qh2 34.Bh3 b6 35.Kd3 
Bf6 36.Kc4 Kg6 37.Kb5 Bd8 38.Kc6 Kg5 39.Qc4 1-0